| 000 | 00459nam a22001697a 4500 | ||
|---|---|---|---|
| 005 | 20180613152348.0 | ||
| 008 | 160525b xxu||||| |||| 00| 0 eng d | ||
| 020 | _a81-259-1470-6 | ||
| 041 | _aeng | ||
| 082 |
_b5009 _a657.046 |
||
| 100 |
_aMaheshwari S.N. & Maheshwari S.K. _9327 |
||
| 245 | _aProblems & Solutions in Advanced Accounting (Vol-II) | ||
| 260 |
_aNew Delhi _bAcademic Faundation |
||
| 300 | _a4.33 | ||
| 650 |
_aManagement _9241 |
||
| 942 | _cBK | ||
| 999 |
_c1753 _d1752 |
||